000 00406nab a2200145Ia 4500
003 ES-SlBCS
005 20210601134615.0
008 140529s1991 xxu||||| |||| 00| 0 spa d
041 _aspa
100 1 _aMenini D., Marino
_926939
245 0 0 _aBuscando nuestra identidad
_c Marino Menini D.
650 0 4 _aIdentidad
_991720
773 0 _tAnthropos
_gvol. 12, nº. 23, 1991, págs. 59-84
_wRev38
942 _cAR
999 _c615193
_d615193